Statistiche per Vincitori della Coppa Italia di calcio

Clicka qui per fare il quiz!

Statistiche generali

  • Questo quiz è stato fatto 3.127 volte
  • Il punteggio medio è 13 su 16

Statistiche sulle risposte

VittorieSquadra% Corretto
7Inter
100%
9Juventus
100%
5Milan
99%
6Lazio
98%
9Roma
98%
5Napoli
97%
6Fiorentina
93%
5Torino
89%
1Genoa
86%
4Sampdoria
86%
1Atalanta
79%
2Bologna
78%
3Parma
67%
1Venezia
40%
1Vicenza
35%
1Vado
18%

Distribuzione punteggi

Percentile per numero di risposta

Percentuale di utenti per punteggio

I tuoi punteggi nel tempo

Non hai fatto questo quiz